00879pam a2200277 a 4500020001500000040000800015082002600023245007300049260004300122300003500165650001300200650002000213650001800233650002300251650002300274650001400297650003200311650002000343650001500363650002300378650002400401700002000425942001000445999001700455952012900472 a0826172903 cDLC00a610 SPR 1990 C159 Or.00aKey aspects of recovery :bimproving nutrition, rest, and mobility / aNew York :bSpringer Pub. Co.,cc1990. axvii, 350 p. :bill. ;c24 cm. 0aNursing. 0aRehabilitation. 0aDiet therapy. 0aGeriatric nursing. 0aMaternity nursing. 2aBed Rest. 2aInfant, Premature, Diseases 2aMotor Activity. 2aNutrition. 2aPostoperative Care 2aWounds and Injuries1 aFunk, Sandra G. cAEDBB c19048d19048 0010406610_000000000000000_SPR_1990_C159_OR70983797aLBCbLBCd2020-03-03eA38414o610 SPR 1990 C159 Or.r2020-03-03yEK